CSR stratégia lehetőségeinek kiaknázása a Vodafone Shared Services Budapestnél

Bibliográfiai részletek
Szerző: Váradi Adrienn
További közreműködők: Kopcsay Dr. László
Dokumentumtípus: Diplomadolgozat
Kulcsszavak:CSR
Társadalmi felelősségvállalás
Vállalati társadalmi felelősségvállalás
Vodafone
Corporate Social responsibility
Online Access:http://dolgozattar.uni-bge.hu/5104

MARC

LEADER 00000nta a2200000 i 4500
001 dolg5104
005 20221011120108.0
008 160427suuuu hu om 000 hun d
040 |a BGE Dolgozattár Repozitórium  |b hun 
041 |a hu 
100 1 |a Váradi Adrienn 
245 1 0 |a CSR stratégia lehetőségeinek kiaknázása a Vodafone Shared Services Budapestnél  |c Váradi Adrienn  |h [elektronikus dokumentum] 
695 |a CSR 
695 |a Társadalmi felelősségvállalás 
695 |a Vállalati társadalmi felelősségvállalás 
695 |a Vodafone 
695 |a Corporate Social responsibility 
700 1 |a Kopcsay Dr. László  |e ths 
856 4 0 |u http://dolgozattar.uni-bge.hu/5104/1/Szakdolgozat_V%C3%A1radi%20Adrienn_IQIT2R.pdf  |z Dokumentum-elérés